Normal view MARC view

Entry Personal Name

Number of records used in: 1

001 - CONTROL NUMBER

  • control field: 10560

003 - CONTROL NUMBER IDENTIFIER

  • control field: DLC

005 - DATE AND TIME OF LATEST TRANSACTION

  • control field: 20250530122948.0

008 - FIXED-LENGTH DATA ELEMENTS

  • fixed length control field: 810817n| azannaabn |n aaa

010 ## - LIBRARY OF CONGRESS CONTROL NUMBER

  • LC control number: n 81039673

016 ## - NATIONAL BIBLIOGRAPHIC AGENCY CONTROL NUMBER

  • Record control number: 1004H6081E

035 ## - SYSTEM CONTROL NUMBER

  • System control number: (OCoLC)oca00585284

040 ## - CATALOGING SOURCE

  • Original cataloging agency: DLC
  • Language of cataloging: eng
  • Description conventions: rda
  • Transcribing agency: DLC
  • Modifying agency: DLC
  • Modifying agency: IEN
  • Modifying agency: CaOONL

042 ## - AUTHENTICATION CODE

  • Authentication code: nlc

046 ## - SPECIAL CODED DATES

  • Birth date: 1933-02-23
  • Source of date scheme: edtf

100 1# - HEADING--PERSONAL NAME

  • Personal name: Garrison, Ray H.

377 ## - ASSOCIATED LANGUAGE

  • Language code: eng

378 ## - FULLER FORM OF PERSONAL NAME

  • Fuller form of personal name: Ray Howard

670 ## - SOURCE DATA FOUND

  • Source citation: His Managerial accounting, 1976.

670 ## - SOURCE DATA FOUND

  • Source citation: His A Garrison family history, c2006:
  • Information found: t.p. (Ray H. Garrison) p. 392, etc. (Ray Howard Garrison; b. Feb. 23, 1933, Waverly, Ill.; prof. of accounting; author of Managerial accounting)

670 ## - SOURCE DATA FOUND

  • Source citation: A baggerly family history, 2011:
  • Information found: t.p. (Ray H. Garrison) p. 364 (b. Feb. 23, 1933, Waverly, Ill.; prof. of accounting)

Powered by Koha